000 00614nam a2200193 i 4500
001 bgj
100 1 _aMETELMANN, Ernest.
245 1 0 _aZur Gesichte des Göttinger Dichterbundes 1772-1774 :
_bFaksimile-Neudruck einer Quellenpublikation aus der Zeitschrift "Euphorion" XXXIII (1932) /
_cErnest Metelmann.
260 _aStuttgart :
_bJ. B. Metzlersche Verlagsbuchhandlung,
_c1963.
300 _a80 s. ;
_c24 cm.
504 _aIndeks.
650 9 _aLiteratura niemiecka
040 _cBPK
041 0 _ager
044 _aDEU
080 _a821.112.2
942 _cKS
008 s gw f |000 0 ger
999 _c50377
_d50377
856 _uhttp://koha.tu.koszalin.pl/cgi-bin/koha/opac-detail.pl?biblionumber=50377
_yKatalog online BPK